<?xml version="1.0" encoding="UTF-8"?>
<record
    xmlns:xsi="http://www.w3.org/2001/XMLSchema-instance"
    xsi:schemaLocation="http://www.loc.gov/MARC21/slim http://www.loc.gov/standards/marcxml/schema/MARC21slim.xsd"
    xmlns="http://www.loc.gov/MARC21/slim">

  <leader>00438cam a22001692a 4500</leader>
  <controlfield tag="001">  001433</controlfield>
  <controlfield tag="003">  AR-FADEU</controlfield>
  <controlfield tag="008">  311216n2005####xxu####################dd</controlfield>
  <datafield tag="100" ind1=" " ind2=" ">
    <subfield code="a">Fernandez, Horacio Alberto</subfield>
  </datafield>
  <datafield tag="245" ind1=" " ind2=" ">
    <subfield code="a">La pueblada cipole&#xF1;a</subfield>
  </datafield>
  <datafield tag="260" ind1=" " ind2=" ">
    <subfield code="b">Universidad Nacional del Comahue</subfield>
  </datafield>
  <datafield tag="260" ind1=" " ind2=" ">
    <subfield code="a">Neuqu&#xE9;n</subfield>
  </datafield>
  <datafield tag="260" ind1=" " ind2=" ">
    <subfield code="c">2005</subfield>
  </datafield>
  <datafield tag="440" ind1=" " ind2=" ">
    <subfield code="a">Tesis de Historia - BDT</subfield>
  </datafield>
  <datafield tag="650" ind1=" " ind2=" ">
    <subfield code="a">PUEBLADA-CIPOLLETTI 1969/BDT/</subfield>
  </datafield>
  <datafield tag="942" ind1=" " ind2=" ">
    <subfield code="c">FOLLETO</subfield>
  </datafield>
  <datafield tag="999" ind1=" " ind2=" ">
    <subfield code="c">1918</subfield>
    <subfield code="d">1918</subfield>
  </datafield>
  <datafield tag="952" ind1=" " ind2=" ">
    <subfield code="0">0</subfield>
    <subfield code="1">0</subfield>
    <subfield code="2">ddc</subfield>
    <subfield code="4">0</subfield>
    <subfield code="7">0</subfield>
    <subfield code="a">AR-FADEU</subfield>
    <subfield code="b">AR-FADEU</subfield>
    <subfield code="d">2019-09-24</subfield>
    <subfield code="i">F587</subfield>
    <subfield code="l">0</subfield>
    <subfield code="o">F587</subfield>
    <subfield code="p">F587</subfield>
    <subfield code="r">2019-09-24 00:00:00</subfield>
    <subfield code="w">2019-09-24</subfield>
    <subfield code="y">FOLLETO</subfield>
  </datafield>
</record>
